<?xml version="1.0" encoding="UTF-8"?>
<record
    xmlns:xsi="http://www.w3.org/2001/XMLSchema-instance"
    xsi:schemaLocation="http://www.loc.gov/MARC21/slim http://www.loc.gov/standards/marcxml/schema/MARC21slim.xsd"
    xmlns="http://www.loc.gov/MARC21/slim">

  <leader>01223nam a22002897a 4500</leader>
  <controlfield tag="003">NALT</controlfield>
  <controlfield tag="005">20240617111448.0</controlfield>
  <controlfield tag="008">240515b        th ||||| |||| 00| 1 tha d</controlfield>
  <datafield tag="020" ind1=" " ind2=" ">
    <subfield code="a">9789741403615</subfield>
  </datafield>
  <datafield tag="040" ind1=" " ind2=" ">
    <subfield code="a">NALT</subfield>
  </datafield>
  <datafield tag="041" ind1="1" ind2=" ">
    <subfield code="a">tha</subfield>
    <subfield code="h">ita</subfield>
  </datafield>
  <datafield tag="090" ind1=" " ind2=" ">
    <subfield code="a">FIC </subfield>
    <subfield code="b">&#xE1A;293&#xE2B; 2552</subfield>
  </datafield>
  <datafield tag="100" ind1="1" ind2=" ">
    <subfield code="a">&#xE1A;&#xE32;&#xE23;&#xE34;&#xE01;&#xE42;&#xE01;, &#xE2D;&#xE40;&#xE25;&#xE0B;&#xE0B;&#xE32;&#xE19;&#xE42;&#xE14;&#xE23;</subfield>
    <subfield code="9">63852</subfield>
  </datafield>
  <datafield tag="245" ind1="1" ind2="0">
    <subfield code="a">&#xE44;&#xE2B;&#xE21; : </subfield>
    <subfield code="b">Seta /</subfield>
    <subfield code="c">&#xE40;&#xE02;&#xE35;&#xE22;&#xE19;&#xE42;&#xE14;&#xE22;, &#xE2D;&#xE40;&#xE25;&#xE0B;&#xE0B;&#xE32;&#xE19;&#xE42;&#xE14;&#xE23; &#xE1A;&#xE32;&#xE23;&#xE34;&#xE01;&#xE42;&#xE01; ; &#xE41;&#xE1B;&#xE25;&#xE42;&#xE14;&#xE22;, &#xE07;&#xE32;&#xE21;&#xE1E;&#xE23;&#xE23;&#xE13; &#xE40;&#xE27;&#xE0A;&#xE0A;&#xE32;&#xE0A;&#xE35;&#xE27;&#xE30;. </subfield>
  </datafield>
  <datafield tag="246" ind1="3" ind2="1">
    <subfield code="a">Seta.</subfield>
  </datafield>
  <datafield tag="250" ind1=" " ind2=" ">
    <subfield code="a">&#xE1E;&#xE34;&#xE21;&#xE1E;&#xE4C;&#xE04;&#xE23;&#xE31;&#xE49;&#xE07;&#xE17;&#xE35;&#xE48;&#xE2A;&#xE2D;&#xE07;</subfield>
  </datafield>
  <datafield tag="260" ind1=" " ind2=" ">
    <subfield code="a">&#xE01;&#xE23;&#xE38;&#xE07;&#xE40;&#xE17;&#xE1E;&#xE2F; :</subfield>
    <subfield code="b">&#xE1C;&#xE35;&#xE40;&#xE2A;&#xE37;&#xE49;&#xE2D;&#xE2D;&#xE34;&#xE15;&#xE32;&#xE25;&#xE35;,</subfield>
    <subfield code="c">2552.</subfield>
  </datafield>
  <datafield tag="300" ind1=" " ind2=" ">
    <subfield code="a">136 &#xE2B;&#xE19;&#xE49;&#xE32; ;</subfield>
    <subfield code="c">19 &#xE0B;&#xE21;.</subfield>
  </datafield>
  <datafield tag="650" ind1=" " ind2="4">
    <subfield code="a">&#xE19;&#xE27;&#xE19;&#xE34;&#xE22;&#xE32;&#xE22;&#xE2D;&#xE34;&#xE15;&#xE32;&#xE25;&#xE35;</subfield>
    <subfield code="9">30007</subfield>
  </datafield>
  <datafield tag="700" ind1="1" ind2=" ">
    <subfield code="a">Baricco, Alessandro</subfield>
    <subfield code="9">63862</subfield>
  </datafield>
  <datafield tag="700" ind1="0" ind2=" ">
    <subfield code="a">&#xE07;&#xE32;&#xE21;&#xE1E;&#xE23;&#xE23;&#xE13; &#xE40;&#xE27;&#xE0A;&#xE0A;&#xE32;&#xE0A;&#xE35;&#xE27;&#xE30;</subfield>
    <subfield code="9">6150</subfield>
  </datafield>
  <datafield tag="942" ind1=" " ind2=" ">
    <subfield code="c">FIC</subfield>
    <subfield code="2">local</subfield>
  </datafield>
  <datafield tag="996" ind1=" " ind2=" ">
    <subfield code="a">chunbijaya.r</subfield>
    <subfield code="b">CATSTF	</subfield>
    <subfield code="c">2024-05-15</subfield>
  </datafield>
  <datafield tag="996" ind1=" " ind2=" ">
    <subfield code="a">saiphon.d</subfield>
    <subfield code="b">CATSTF	</subfield>
    <subfield code="c">2024-05-15</subfield>
  </datafield>
  <datafield tag="999" ind1=" " ind2=" ">
    <subfield code="c">105152</subfield>
    <subfield code="d">105152</subfield>
  </datafield>
  <datafield tag="998" ind1=" " ind2=" ">
    <subfield code="j">8</subfield>
    <subfield code="k"> &#xE19;&#xE32;&#xE22;&#xE1A;&#xE31;&#xE13;&#xE11;&#xE34;&#xE15;  &#xE2D;&#xE38;&#xE17;&#xE32;&#xE27;&#xE07;&#xE04;&#xE4C;</subfield>
  </datafield>
  <datafield tag="952" ind1=" " ind2=" ">
    <subfield code="0">0</subfield>
    <subfield code="1">0</subfield>
    <subfield code="2">local</subfield>
    <subfield code="4">0</subfield>
    <subfield code="7">0</subfield>
    <subfield code="8">CFICSHT</subfield>
    <subfield code="a">NALT</subfield>
    <subfield code="b">NALT</subfield>
    <subfield code="c">FICSHT</subfield>
    <subfield code="d">2024-05-15</subfield>
    <subfield code="l">2</subfield>
    <subfield code="m">1</subfield>
    <subfield code="o">FIC &#xE1A;293&#xE2B; 2552</subfield>
    <subfield code="p">3961222994</subfield>
    <subfield code="r">2024-06-24 00:00:00</subfield>
    <subfield code="s">2024-06-17</subfield>
    <subfield code="w">2024-05-15</subfield>
    <subfield code="y">FIC</subfield>
  </datafield>
</record>
